El Bosco (Record no. 4485)

MARC details
000 -CABECERA
campo de control de longitud fija 01037nam a2200253 a 4500
001 - NÚMERO DE CONTROL
campo de control BRCA_4788
005 - FECHA Y HORA DE LA ÚLTIMA TRANSACCIÓN
campo de control 20190320204815.0
008 - DATOS DE LONGITUD FIJA--INFORMACIÓN GENERAL
campo de control de longitud fija 111010c1964----ag-af#####---#000-0#spa-#
041 ## - CÓDIGO DE LENGUA
Código de lengua del texto/banda sonora o título independiente spa
044 ## - CÓDIGO DEL PAÍS DE LA ENTIDAD EDITORA/PRODUCTORA
Código MARC del país ag
050 #4 - SIGNATURA TOPOGRÁFICA DE LA BIBLIOTECA DEL CONGRESO
Número de clasificación ND553
Número de documento/Ítem .P56 85 1964
245 10 - MENCIÓN DE TÍTULO
Título El Bosco
Mención de responsabilidad, etc. monografía por Piero Bianconi ; traducción por José Antonio Garay ; el juicio del siglo XX, por Luis Seoane.
260 ## - PUBLICACIÓN, DISTRIBUCIÓN, ETC.
Lugar de publicación, distribución, etc. Argentina
Nombre del editor, distribuidor, etc. Codex
Fecha de publicación, distribución, etc. c1964
300 ## - DESCRIPCIÓN FÍSICA
Extensión 1 v. (sin paginación)
Otras características físicas il., 16 láminas a color
Dimensiones 36 cm.
440 #0 - MENCIÓN DE SERIE/PUNTO DE ACCESO ADICIONAL--TÍTULO
Título Pinacoteca de los genios: la más grandiosa colección de arte del mundo
Designación de volumen o secuencia 85
9 (RLIN) 12116
500 ## - NOTA GENERAL
Nota general Incluye índice de ilustraciones, lista de distribuidores, agentes de suscripciones de pinacoteca de los genios y sus respectivos precios de venta al público.
600 14 - PUNTO DE ACCESO ADICIONAL DE MATERIA--NOMBRE DE PERSONA
Nombre de persona El Bosco
Fechas asociadas al nombre 1450-1516
Forma completa/desarrollada del nombre Jeroen Anthoniszoon van Aken
9 (RLIN) 12117
650 14 - PUNTO DE ACCESO ADICIONAL DE MATERIA--TÉRMINO DE MATERIA
Término de materia o nombre geográfico como elemento de entrada Pintura
9 (RLIN) 2498
650 14 - PUNTO DE ACCESO ADICIONAL DE MATERIA--TÉRMINO DE MATERIA
Término de materia o nombre geográfico como elemento de entrada Arte
9 (RLIN) 12118
700 1# - PUNTO DE ACCESO ADICIONAL--NOMBRE DE PERSONA
Nombre de persona Bianconi, Piero
9 (RLIN) 12119
700 1# - PUNTO DE ACCESO ADICIONAL--NOMBRE DE PERSONA
Nombre de persona Seoane, Luis
9 (RLIN) 12053
700 1# - PUNTO DE ACCESO ADICIONAL--NOMBRE DE PERSONA
Nombre de persona Garay, José Antonio
Término indicativo de función/relación tr.
9 (RLIN) 12120
942 ## - ELEMENTOS DE PUNTO DE ACCESO ADICIONAL (KOHA)
Fuente del sistema de clasificación o colocación Library of Congress Classification
Tipo de ítem Koha Libros
Holdings
Estado de retiro Estado de pérdida Estado dañado No para préstamo Localización permanente Ubicación/localización actual Fecha de adquisición Total de préstamos Signatura topográfica completa Código de barras Fecha visto por última vez Precio válido a partir de Tipo de ítem Koha
El ejemplar forma parte de la colección y puede ser consultado según las políticas vigentes.       Biblioteca del Museo Franz Mayer (Rogerio Casas-Alatriste) Biblioteca del Museo Franz Mayer (Rogerio Casas-Alatriste) 11/10/2010   ND553 .P56 85 1964 00643 22/03/2019 22/03/2019 Libros